| 000 | 00757cam a22002291 4500 | ||
|---|---|---|---|
| 001 | 000010903 | ||
| 005 | 20200929162320.0 | ||
| 008 | 710308s1968 njua 000 0 eng | ||
| 010 | _a68025873 | ||
| 040 |
_aDO-SdBNP _cDLC _dDLC |
||
| 043 | _an------ | ||
| 050 | 0 | 0 |
_aSB439 _b.A5 1968 |
| 100 | 1 |
_aAiken, George D. _q(George David), _d1892-1984. _926293 |
|
| 245 | 1 | 0 |
_aPioneering with wildflowers, / _cby George D. Aiken. Photos. by Charles Johnson. |
| 260 |
_aEnglewood Cliffs, N.J., : _bPrentice-Hall, _c[1968]. |
||
| 300 |
_axii, 208 p. : _billus. (part col.) ; _c26 cm. |
||
| 650 | 0 |
_aWild flower gardening. _926294 |
|
| 650 | 0 |
_aWild flowers _zNorth America. _926295 |
|
| 910 | _aCatalogación por copia / LC | ||
| 082 | 0 | 0 | _a635.96/76 |
| 350 | _a8.95 | ||
| 999 |
_c10642 _d10642 |
||